I smell a pop quiz ! : (Record no. 8843)
[ view plain ]
| 000 -LEADER | |
|---|---|
| fixed length control field | 01356nam a22002537a 4500 |
| 001 - CONTROL NUMBER | |
| control field | 8843 |
| 003 - CONTROL NUMBER IDENTIFIER | |
| control field | FISKH |
| 005 - DATE AND TIME OF LATEST TRANSACTION | |
| control field | 20251023085408.0 |
| 008 - FIXED-LENGTH DATA ELEMENTS--GENERAL INFORMATION | |
| fixed length control field | 251023b cb ||||| |||| 00| 0 eng d |
| 020 ## - INTERNATIONAL STANDARD BOOK NUMBER | |
| International Standard Book Number | 9780545443296 |
| 040 ## - CATALOGING SOURCE | |
| Original cataloging agency | FISKH |
| Language of cataloging | eng |
| Transcribing agency | FISKH |
| Modifying agency | FISKH |
| 050 ## - LIBRARY OF CONGRESS CALL NUMBER | |
| Classification number | PN6728.B49 |
| 082 ## - DEWEY DECIMAL CLASSIFICATION NUMBER | |
| Classification number | 741.5 |
| 100 ## - MAIN ENTRY--PERSONAL NAME | |
| Personal name | Peirce, Lincoln |
| 245 ## - TITLE STATEMENT | |
| Title | I smell a pop quiz ! : |
| Remainder of title | A big nate book / |
| Statement of responsibility, etc. | by Lincoln Peirce |
| 250 ## - EDITION STATEMENT | |
| Edition statement | First Scholastic printing , January 2012 |
| 260 ## - PUBLICATION, DISTRIBUTION, ETC. | |
| Place of publication, distribution, etc. | New York : |
| Name of publisher, distributor, etc. | Scholastic , |
| Date of publication, distribution, etc. | 2008. |
| 300 ## - PHYSICAL DESCRIPTION | |
| Extent | 126 pages : |
| Other physical details | illustrations ; |
| Dimensions | 20 X 20 cm . |
| 490 ## - SERIES STATEMENT | |
| Series statement | Big Nate |
| 520 ## - SUMMARY, ETC. | |
| Summary, etc. | Comic and Graphic Books. Juvenile Fiction. Humor (Fiction.) HTML:Soon to be an animated series with Paramount+ and Nickelodeon!<br/>Nate Wright has a nose (and a penchant) for trouble. So he's not one to be surprised by a pop quiz popping up.<br/>Aspiring cartoonist Nate Wright is the star of Big Nate, the daily and Sunday comic strip and a favorite middle-grade book character. Nate is 11 years old, four-and-a-half feet tall, and the all-time record holder for detentions in school history. He's a self-described genius and sixth grade Renaissance Man. Nate, who lives with his dad and older sister, enjoys pestering his family and teachers with his sarcasm. |
| 650 ## - SUBJECT ADDED ENTRY--TOPICAL TERM | |
| Topical term or geographic name entry element | Cartoons and comics |
| 942 ## - ADDED ENTRY ELEMENTS (KOHA) | |
| Source of classification or shelving scheme | Dewey Decimal Classification |
| Koha item type | Books |
| Suppress in OPAC | No |
| Withdrawn status | Lost status | Source of classification or shelving scheme | Damaged status | Not for loan | Collection | Home library | Current library | Shelving location | Date acquired | Total Checkouts | Full call number | Barcode | Date last seen | Price effective from | Koha item type |
|---|---|---|---|---|---|---|---|---|---|---|---|---|---|---|---|
| Dewey Decimal Classification | Fiction | Footprints International School Library Network Toul Tom Poung Campus | Footprints International School Library Network Toul Tom Poung Campus | TTP Comic Books all Levels | 10/23/2025 | PEI 741.5 PN6728.B49 | 2025-4707 | 10/23/2025 | 10/23/2025 | Books |
